|
|
|
|
| LEADER |
00000nam a2200000Ia 4500 |
| 008 |
180711b2006 CR ||||| |||| 00| | spa d |
| 999 |
|
|
|c 2223
|d 2223
|
| 090 |
|
|
|a 18.01.01
|b 1303
|
| 100 |
1 |
|
|a Gurdián Fernández, Alicia
|9 169
|
| 245 |
1 |
0 |
|a Antología del Curso El paradigma cualitativo en la investigación socio-educativa /
|c Alicia Gurdián Fernández
|
| 260 |
|
|
|a Costa Rica :
|b INIE,
|c 2006
|
| 300 |
|
|
|a 600 páginas
|
| 650 |
|
0 |
|a ANTOLOGÍA
|9 1615
|
| 650 |
|
0 |
|a INVESTIGACIÓN EDUCATIVA
|9 326
|
| 650 |
|
0 |
|a INVESTIGACIÓN CUALITATIVA
|9 317
|
| 650 |
|
0 |
|a MÉTODOS DE INVESTIGACIÓN
|9 288
|
| 942 |
|
|
|i 002107
|h 18.01.01 1303
|2 z
|c 04
|